[Event "GER-chT U20"]
[Site "Naumburg Saale"]
[Date "2014.12.28"]
[Round "4.6"]
[White "Kohl, Natalie"]
[Black "Dorscheid, Nico"]
[Result "0-1"]
[WhiteElo "1145"]
[BlackElo "1272"]
[PlyCount "70"]
[EventDate "2014.12.27"]
[EventType "team-swiss"]
[EventRounds "7"]
[EventCountry "GER"]
[SourceTitle "EXT 2016"]
[Source "ChessBase"]
[SourceDate "2015.10.08"]
[SourceVersion "1"]
[SourceVersionDate "2015.10.08"]
[SourceQuality "1"]
[WhiteTeam "Meuselwitz"]
[BlackTeam "Saarbruecken"]
[WhiteTeamCountry "GER"]
[BlackTeamCountry "GER"]

1. e4 c5 2. Nf3 Nc6 3. d4 cxd4 4. Nxd4 Nf6 5. Nc3 d6 6. Be2 g6 7. 0-0 Bg7 8. Be3 0-0 9. Qd2 Bd7 10. Bh6 Nxd4 11. Bxg7 Nxe2+ 12. Qxe2 Kxg7 13. Rad1 Qb6 14. Rb1 Bc6 15. Rfd1 Rad8 16. h3 e5 17. Qd3 d5 18. exd5 Bxd5 19. Qe2 Qe6 20. Ra1 Nh5 21. Qf1 Bc4 22. Qe1 Rxd1 23. Qxd1 Qb6 24. b3 Rd8 25. Qe1 Bd5 26. Qxe5+ Qf6 27. Qe3 Rc8 28. Nxd5 Qxa1+ 29. Kh2 Nf6 30. Nb4 Re8 31. Qxa7 Qe5+ 32. g3 Qe2 33. Qc5 Qf3 34. Nd3 Re2 35. Qd4 Rd2 0-1